01006cam a2200289 a 4500999001500000001000500015003000900020005001700029008004100046020001500087020001500102040003800117082001900155100002500174245009800199250001200297260004200309300004600351490007300397500002000470650002700490650002600517700002300543700002100566942001200587952011700599 c5879d58794462BD-DhUAP20201222111847.0201222s1999 mauabf b f000 0 eng  a0070074860 a0073040096 aBD-DhUAPcBD-DhUAPdBD-DhUAPbEng a658.15 BRE223 aBrealey, Richard A.  aFundamentals of corporate finance /cRichard A. Brealey, Stewart C. Myers and Alan J. Marcus. a2nd ed. aBoston : bIrwin/McGraw-Hill,cc1999. axxx, 752 pages :billustrations ;c26 cm. aThe Irwin/McGraw-Hill series in finance, insurance, and real estate. aIncludes index. aCorporationsvFinance. aFinancial statements. aMyers, Stewart C.  aMarcus, Alan J.  2ddccBK 00102ddc4070aUAPCLbUAPCLcGeneral Stacksd2020-12-22o658.15 BREp3010004462r2020-12-22t1w2020-12-22yBK